Представление документа в формате RUSMARC

ПолеНазваниеЗначение
  Тип записи a
  Библиографический уровень a
001 Контрольный номер RU/CBS_Ul/BASE/466534914
005 Дата корректировки 20241102111638.6
100 Данные общей обработки __
a Данные общей обработки 20141013d2014 ||| 0rusy0189 ca
101 Язык документа 0_
a Язык текста rus
102 Страна публикации __
a Страна публикации RU
105 Кодированные данные (монография) __
a Кодированные данные (монография) y###||||000|y
200 Заглавие и сведения об ответственности 1_
a Заглавие Эскадрон гусар летучих
b Общее обозначение материала Текст
e Сведения, относящиеся к заглавию 202 -й годовщине Бородинской битвы посвящается
f Первые сведения об ответственности Мария Ерыкина
225 Серия 0_
a Серия Историческая реконструкция
300 Общие примечания __
a Общие примечания Ограничения по возрасту - 12+
461 Уровень набора _0
1 2000
a Бумеранг
463 Уровень физической единицы _0
1 001RU/CBS_Ul/BASE/466532755
1 2000
a №9
v С. 36-39
1 210
d 2014
610 Ключевые слова 0_
a Ключевые слова Денис Давыдов, гусары
686 Индексы других классификаций __
a Классификационный индекс 63.3(2)47
2 Код системы ББК
700 Автор _1
a Фамилия Ерыкина
b Имя (инициалы) Мария
g Полное личное имя М.
801 Источник записи _0
a Страна RU
b Организация МБУК ЦБС г. Ульяновска
c Дата составления 20141013
g Правила каталогизации RCR
801 Источник записи _1
a Страна RU
b Организация МБУК ЦБС г. Ульяновска
c Дата составления 20141013
g Правила каталогизации RCR
901 Тип документа __
t Тип документа b
w Контрольный № источника RU/CBS_Ul/BASE/466532755
910 Корректоры записи __
a Корректор записи lib29
938 Служебная информация __
a Имя БД period